<?xml version="1.0" encoding="UTF-8"?>
<collection xmlns="http://www.loc.gov/MARC21/slim">
<record>
  <controlfield tag="001">108675</controlfield>
  <controlfield tag="005">20211216104751.0</controlfield>
  <datafield tag="037" ind1=" " ind2=" ">
    <subfield code="a">TAZ-TFM-2021-446</subfield>
  </datafield>
  <datafield tag="041" ind1=" " ind2=" ">
    <subfield code="a">eng</subfield>
  </datafield>
  <datafield tag="100" ind1="1" ind2=" ">
    <subfield code="a">Tarancón Diez, Jorge</subfield>
  </datafield>
  <datafield tag="242" ind1="0" ind2="0">
    <subfield code="a">Cross-talk between alpha-synuclein and Tau in liquid-liquid phase separation.</subfield>
  </datafield>
  <datafield tag="245" ind1="0" ind2="0">
    <subfield code="a">Interrelación entre alfa-sinucleína y Tau en separación de fases líquido-líquido.</subfield>
  </datafield>
  <datafield tag="260" ind1=" " ind2=" ">
    <subfield code="a">Zaragoza</subfield>
    <subfield code="b">Universidad de Zaragoza</subfield>
    <subfield code="c">2021</subfield>
  </datafield>
  <datafield tag="506" ind1=" " ind2=" ">
    <subfield code="a">by-nc-sa</subfield>
    <subfield code="b">Creative Commons</subfield>
    <subfield code="c">3.0</subfield>
    <subfield code="u">http://creativecommons.org/licenses/by-nc-sa/3.0/</subfield>
  </datafield>
  <datafield tag="520" ind1=" " ind2=" ">
    <subfield code="a">Nuestra comprensión sobre algunas enfermedades neurodegenerativas amiloides, tales como la enfermedad de Parkinson o de Alzheimer, es todavía muy limitada. La observación reciente en pacientes de la co-agregación de Tau (proteína tradicionalmente implicada en enfermedad de Alzheimer) y α-sinucleina (relacionada con la enfermedad de Parkinson) eleva la complejidad de la situación y pone de manifiesto la posible interacción entre ambas proteínas y, por tanto, su co-agregación y toxicidad.&lt;br />Recientemente se ha reportado la agregación de Tau en neuronas provocada por un proceso electrostático de coacervación simple que lleva a un proceso de separación de fases líquido-líquido y, posteriormente, líquido-a-sólido. En este trabajo estudiaremos la relación entre α-sinucleina y Tau y determinaremos que ambas proteínas son capaces de sufrir procesos electrostáticos de coacervación compleja en una solución in vitro. Estos resultados demuestran que α-sinucleina co-dirige este proceso y no se limita a ser una mera proteína cliente como se había propuesto anteriormente. Esta interrelación entre ambas proteínas radica en las interacciones electrostáticas entre la región cargada negativamente C-terminal de α-sinucleina y la región cargada positivamente de Tau. Curiosamente, los coacervados generados por ambas proteínas sufren un proceso de maduración a lo largo del tiempo que conlleva una transición líquida a sólido y la formación de agregados amiloides, con ambas proteínas co-localizando, dentro de los coacervados fusionados. Nuestros resultados sugieren que la separación de fases de Tau y α-sinucleina podría ser el evento patológico que provoca la co-agregación de ambas proteínas descrita en algunas enfermedades.&lt;br />&lt;br /></subfield>
  </datafield>
  <datafield tag="521" ind1=" " ind2=" ">
    <subfield code="a">Máster Universitario en Biotecnología Cuantitativa</subfield>
  </datafield>
  <datafield tag="540" ind1=" " ind2=" ">
    <subfield code="a">Derechos regulados por licencia Creative Commons</subfield>
  </datafield>
  <datafield tag="700" ind1=" " ind2=" ">
    <subfield code="a">Cremades Casasín, Nunilo</subfield>
    <subfield code="e">dir.</subfield>
  </datafield>
  <datafield tag="710" ind1="2" ind2=" ">
    <subfield code="a">Universidad de Zaragoza</subfield>
    <subfield code="b">Bioquímica y Biología Molecular y Celular</subfield>
    <subfield code="c">Bioquímica y Biología Molecular</subfield>
  </datafield>
  <datafield tag="856" ind1="0" ind2=" ">
    <subfield code="f">743102@unizar.es</subfield>
  </datafield>
  <datafield tag="856" ind1="4" ind2=" ">
    <subfield code="s">4200865</subfield>
    <subfield code="u">http://zaguan.unizar.es/record/108675/files/TAZ-TFM-2021-446.pdf</subfield>
    <subfield code="y">Memoria (eng)</subfield>
  </datafield>
  <datafield tag="856" ind1="4" ind2=" ">
    <subfield code="s">738050</subfield>
    <subfield code="u">http://zaguan.unizar.es/record/108675/files/TAZ-TFM-2021-446_ANE.pdf</subfield>
    <subfield code="y">Anexos (eng)</subfield>
  </datafield>
  <datafield tag="909" ind1="C" ind2="O">
    <subfield code="o">oai:zaguan.unizar.es:108675</subfield>
    <subfield code="p">driver</subfield>
    <subfield code="p">trabajos-fin-master</subfield>
  </datafield>
  <datafield tag="950" ind1=" " ind2=" ">
    <subfield code="a"></subfield>
  </datafield>
  <datafield tag="980" ind1=" " ind2=" ">
    <subfield code="a">TAZ</subfield>
    <subfield code="b">TFM</subfield>
    <subfield code="c">CIEN</subfield>
  </datafield>
  <datafield tag="999" ind1=" " ind2=" ">
    <subfield code="a">20210627162448.CREATION_DATE</subfield>
  </datafield>
  <datafield tag="951" ind1=" " ind2=" ">
    <subfield code="a">deposita:2021-12-16</subfield>
  </datafield>
</record>
</collection>